| 000 | 004800000a22001810004500 | ||
|---|---|---|---|
| 003 | LK-CoMWRAF | ||
| 005 | 20240701124932.0 | ||
| 008 | 230817t1971 ||||| |||| 00| 0 eng d | ||
| 040 |
_aLK-CoMWRAF _dLK-CoMWRAF _eLK-CoMWRAF |
||
| 041 | _aeng | ||
| 082 |
_a954.93 _bRAN |
||
| 100 | _aRankine, Esmee | ||
| 245 | _aIsland interlude | ||
| 260 |
_aColombo: _bLake House, _c1971 |
||
| 300 |
_a95, [2] p. ill. 22 cm. _bBibliography included |
||
| 650 | _aSRI LANKA-History | ||
| 942 | _cBK | ||
| 999 |
_c1096 _d1096 |
||